000 00668cam a2200229 4500
001 J1386
008 090401t xxu||||| |||| 00| 0 eng d
035 _a(Sirsi) u43253
041 _aeng
050 _a306.0212
110 _aUnited Kingdom
_bDepartment of the Environment
_9982
245 _aHousing and construction statistics: Great Britain...Part 2 1992 - 1995
260 _aLondon
_bHMSO
_c1992-93
300 _a1 vol. ; 30cm.
350 _a0
650 _aBUILDING INDUSTRY
690 _aBUILT ENVIRONMENT
710 _aScotland
_bScottish Development Department
_91311
710 _aUnited Kingdom
_bWelsh Office
_91214
942 _n0
948 _c04/03/1997
999 _c91280
_d91280